00838 2200193 4500245004700000020002200047250001100069100001800080700000900098700002100107650001700128005001900145260004100164041001400205084001300219300003200232500037100264336000900635 aSpy X Family Volume 2cEndo, TatsuyahText a978-623-00-2227-2 aCet. 1 aEndo, Tatsuya aLois aAnindhita Raghia aKomik Jepang a20240111142013 aJakartabElex Media Komputindoc2021 aIndonesia a741.5592 a... jil. :bilus. ;c18 cm. aUjian masuk sudah dijalani, dan Anya berhasil merangkak kembali dari jurang kegagalan untuk menjadi siswi di Akademi Eden yang elit. Tapi di sini berbagai masalah lain kembali datang menghalanginya, dan sebagai akibatnya misi Twilight juga kian terancam gagal. Tapi keluarga palsu mereka tetap bahagia. Ada Ayah, Ibu, lalu ... paman yang seram dalam berbagai artian. atext